Geography Quiz

Random Geography or City Quiz

A Tourist's View of Moscow Quiz Stats

 Plays Quiz Updated Jul 23, 2018

Challenge
Share
Tweet
Score 0/15 Timer 05:00
26 Plays Today
% Correct
Spasskaya Tower, The Kremlin
93.4%
St. Basil's Cathedral
93.2%
The Bolshoi Theatre
61.9%
Lenin's Mausoleum
54.8%
GUM
44.2%
The State Historical Museum
37.4%
Moscow State University
37.1%
The Red October Factory
35.5%
% Correct
Ostankino Tower
30.4%
The Pushkin Museum of Fine Arts
29.6%
The Duma
27.8%
Tsaritsyno Palace
26.5%
The Monument to the Conquerors of Space, Cosmonauts Alley
22.1%
Kiyevsky Station
18.4%
Shukhov Tower
17.4%

You're not logged in!

Compare scores with friends on all Sporcle quizzes.
Join for Free
OR
Log In

You Might Also Like...

Show Comments

Extras

Top Quizzes Today


Score Distribution

Your Account Isn't Verified!

In order to create a playlist on Sporcle, you need to verify the email address you used during registration. Go to your Sporcle Settings to finish the process.

Report this User

Report this user for behavior that violates our Community Guidelines.

Details: